UITU Library & LRC     

Modern Operating Systems (Record no. 13451)

MARC details
000 -LEADER
fixed length control field 00516nam a2200181Ia 4500
008 - FIXED-LENGTH DATA ELEMENTS--GENERAL INFORMATION
fixed length control field 240925s9999 xx 000 0 und d
020 ## - INTERNATIONAL STANDARD BOOK NUMBER
International Standard Book Number 9789332550018
082 ## - DEWEY DECIMAL CLASSIFICATION NUMBER
Classification number 005.43 TAN
100 ## - MAIN ENTRY--PERSONAL NAME
Personal name Tanenbaum, Andrew S.
245 #0 - TITLE STATEMENT
Title Modern Operating Systems
250 ## - EDITION STATEMENT
Edition statement 3rd
260 ## - PUBLICATION, DISTRIBUTION, ETC.
Place of publication, distribution, etc. Uttar Pradesh:
Name of publisher, distributor, etc. Pearson Education Inc
Date of publication, distribution, etc. ,2015.
300 ## - PHYSICAL DESCRIPTION
Extent xxxii, 2750p.
Other physical details N.A
Type of unit Photocopy
500 ## - GENERAL NOTE
General note Includes Index
600 ## - SUBJECT ADDED ENTRY--PERSONAL NAME
Personal name Computer Science
650 ## - SUBJECT ADDED ENTRY--TOPICAL TERM
Topical term or geographic name entry element Computer science, information & general works
942 ## - ADDED ENTRY ELEMENTS (KOHA)
Koha item type Books
Holdings
Withdrawn status Lost status Damaged status Not for loan Collection Home library Current library Date acquired Source of acquisition Cost, normal purchase price Total checkouts Full call number Barcode Date last seen Price effective from Koha item type
        Computer Science UITU Library UITU Library 08/12/2016 Book World International 830.00   005.43 TAN Q10952 09/25/2024 09/25/2024 Books

Powered by Koha